Logo biblioteca
Santa Fe 2917, Rosario, Santa Fe
Lu-Vi 8 a 19.45
+54-341-4232362
bibliotecaeudoro@gmail.com
Facebook Biblioteca Pedagógica
Sitio web

Alejandro y Cesar : (Registro nro. 32485)

Detalles MARC
000 -CABECERA
campo fijo de control de longitud 00695nam a2200229 4500
001 - NÚMERO DE CONTROL
campo de control 32485
003 - IDENTIFICADOR DEL NÚMERO DE CONTROL
campo de control AR-RoBPED
005 - FECHA Y HORADE LA ULTIMA TRANSACCION
campo de control 20260401100013.0
008 - ELEMENTOS DE LONGITUD FIJA--INFORMACION GENERAL
campo fijo de control de longitud 260331s1971 es ||||er|||| 001 1 spa d
040 ## - FUENTE CATALOGADORA
Centro catalogador/agencia de origen AR-RoBPED
041 ## - IDIOMA
Código de idioma para texto/pista de sonido o título independiente spa
100 1# - ENCABEZAMIENTO PRINCIPAL--AUTOR PERSONAL
Nombre de persona Plutarco
Fechas nac-muerte 46-125
9 (RLIN) 14071
245 1# - TITULO
Título Alejandro y Cesar :
Subtítulo vidas paralelas. /
Mención de responsabilidad Plutarco.
260 ## - PUBLICACION
Lugar España :
Editor Salvat,
Fecha 1971.
300 ## - DESCRIPCION FISICA
Extensión 177 p.
490 0# - SERIE
Mención de serie (Biblioteca Básica Salvat)
650 #4 - TERMINO DE MATERIA--CONTROLADO
Término controlado BIOGRAFIAS
9 (RLIN) 467
700 1# - ENCABEZAMIENTO SECUNDARIO--AUTOR PERSONAL
Nombre de persona Valenti Fiol, E.
9 (RLIN) 6250
Función intro.
Nombre de persona Riba, Carles,
Fecha de nac-muerte 1893-1959
9 (RLIN) 26759
Función prol. y notas
942 ## - ELEMENTOS KOHA
Fuente de clasificación Universal Decimal Classification
Número Koha k. 32485
Koha tipo de ítem Libro
Clasificación 92:32
Signatura librística P 68 a
Inventario inv. 42344
945 ## - PROCESAMIENTO DE LA INFORMACIÓN LOCAL
Catalogador y fecha mm 31/03/2026 - cd 01/04/2026
Existencias
Estado retirado Estado perdido Fuente de clasificación Estado dañado No se presta Biblioteca propietaria Biblioteca de reserva Fecha de adquisición Procedencia Total de préstamos Signatura topográfica completa Código de barras (nº de inventario) Fecha visto por última vez Catalogador y fecha Tipo de ítem Koha Nota pública
    Universal Decimal Classification     Biblioteca Pedagógica Eudoro Díaz Biblioteca Pedagógica Eudoro Díaz 31/03/2026 donación   92:32 P 68a 42344 31/03/2026 mm 31/03/2026 Libro Se presta 15 días.